| 000 | 00615nam a2200205 u 4500 | ||
|---|---|---|---|
| 005 | 20221027063411.0 | ||
| 008 | 181121s2004 mx r 000 0 spa d | ||
| 020 | _a9700517659 | ||
| 035 | _aUPN01000227982 | ||
| 049 | _aCG | ||
| 050 | 4 |
_aHV5132 _bL3.3 |
|
| 100 | 1 |
_aLammoglia Ruiz, Ernesto Humberto, _d1940- _942431 |
|
| 245 | 1 | 4 |
_aLas familias alcohólicas / _cErnesto Lammoglia. |
| 260 |
_aMéxico : _bGrijalbo, _c2004. |
||
| 300 |
_a287 p. : _bil. |
||
| 650 | 4 |
_aALCOHOLICOS - _xRELACIONES FAMILIARES _92119 |
|
| 650 | 7 |
_aAlcoholismo _xAspectos psicológicos _2 _913692 |
|
| 905 | _aLibro | ||
| 999 |
_c200077 _d200077 |
||